00338nam a2200133 a 4500020001800000082001700018100002100035245003000056260003600086300000900122500003500131650001700166700002100183 a978817992954400a294.344bELL aEllsberg, Robert aSunshine and Green Leaves aDelhi bJaico Pub. House c2009 a163p aincludes index and biblioraphy aSpirituality1 aEllsberg, Robert